Who Were the Shudras? How They Came to Be the Fourth Varna in the Indo-Arya (Record no. 2903)

MARC details
000 -LEADER
fixed length control field 00621nam a2200241 a 4500
020 ## - INTERNATIONAL STANDARD BOOK NUMBER
ISBN
082 00 - DEWEY DECIMAL CLASSIFICATION NUMBER
Classification number 306.0899145
Author Cutter AMB
100 ## - MAIN ENTRY--AUTHOR NAME
Author name Ambedkar, B R
245 ## - TITLE STATEMENT
Title Who Were the Shudras? How They Came to Be the Fourth Varna in the Indo-Arya
260 ## - PUBLICATION, DISTRIBUTION, ETC. (IMPRINT)
Place of publication Bombay
Name of publisher Thacker and Co., Ltd
Year of publication 1946
300 ## - PHYSICAL DESCRIPTION
Number of Pages 259p
500 ## - GENERAL NOTE
General note includes index and biblioraphy
505 2# - FORMATTED CONTENTS NOTE
Formatted contents note Index
650 ## - SUBJECT ADDED ENTRY--TOPICAL TERM
Topical Term Caste-India
942 ## - ADDED ENTRY ELEMENTS (KOHA)
Koha item type Books
700 1# -
-- Ambedkar, B R
Holdings
Collection code Home library Current library Date acquired Cost, normal purchase price Full call number Accession Number Koha item type
  Henry Martyn Institute Library Henry Martyn Institute Library 08/01/2007 100.00 306.0899145 AMB 03964 Books
                   Copyright © 2026 | Henry Martyn Institute | Hyderabad | TS-500052 | INDIA | Implemented by hmi.edu.in
Hit-Count:

Powered by Koha